00813nam a2200145Ia 4500008004100000020001800041100009200059245016200151260002700313650001200340650016300352856004300515999001900558952009000577171212s9999 xx 000 0 und d a9780833026989 aArquilla, John;Ronfeldt, David;Barnes-Proby, Dionne;Williams, Elizabeth;Christian, John cArquilla, John;Ronfeldt, David;Barnes-Proby, Dionne;Williams, Elizabeth;Christian, JohnaThe Emergence of NoopolitikbToward An American Information Strategy bRAND Corporationc1999 aHistory aInternational relations; Information society; Telematics -- Social aspects; United States -- Foreign relations -- 1989–; Information policy -- United States uwww.jstor.org/stable/10.7249/mr1033osd c352651d352651 001040aCLbCLd2017-12-12l0oJZ1254.A77 1999r2017-12-12 00:00:00w2017-12-12yCBE